00940nam a22002297a 450000500170000001000180001702000490003503500170008403700140010108200140011510000170012924500710014625000130021726000320023027000940026230000350035670000180039194200280040999900190043795201270045695201270058320180607122050.0 aENG-122822-23 a9789386643711 (set )c2890.00 (set of 2 Vol) aEN-106354-55 bDBAD/PUB. a343.94055 aGarg, Rakesh aGST guide with ready reckoner /cby Rakesh garg [and] Sandeep garg a3rd edn. aNew DelhibBloomsburyc2017 a2nd Floor, Building No.4, DDA Complex LSC, Pocket-C-6&&, Vasant Kunj, bNew Delhie110070v a2 v. (2014p.)c24cm(pbk)bill. aGarg, Sandeep 2ddccENmGARh343.94055 c151796d151796 001040718NFICaDBADbLd2018-04-27eDBAD/PUBg2890.00l0o343.94055 GARpEN-106354r2018-04-27 00:00:00t1v2890.00yEN 001040718NFICaDBADbLd2018-04-27eDBAD/PUBg2890.00l0o343.94055 GARpEN-106355r2018-04-27 00:00:00t1v2890.00yEN